Proceso civil: normas comunes a todo procedimiento e incidentes. Actualizado con la reforma de la Ley Nº 20.886 sobre tramitación electrónica de los procedimientos
Sábháilte in:
| Príomhchruthaitheoir: | |
|---|---|
| Rannpháirtithe: | |
| Formáid: | LEABHAR |
| Teanga: | Spáinnis |
| Foilsithe / Cruthaithe: |
Santiago
Legal Publishing
2018
|
| Eagrán: | 1a. ed |
| Sraith: | Colección Tratados y Manuales
|
| Ábhair: | |
| Clibeanna: |
Cuir clib leis
Níl clibeanna ann, Bí ar an gcéad duine le clib a chur leis an taifead seo!
|
MARC
| LEADER | 00000cam a2200000 a 4500 | ||
|---|---|---|---|
| 001 | UCC3418 | ||
| 003 | CL-VaPUC | ||
| 008 | 180511e20180000cl |||||||||||||||||spa|d | ||
| 020 | |a 9789563469455 | ||
| 082 | 0 | 4 | |a 347.8305 |b COR |2 21 |
| 100 | 0 | |a Cortez Matcovich, Gonzalo |e author |9 597397 | |
| 700 | |a Palomo Vélez, Diego Iván |e autor |9 527553 | ||
| 245 | 1 | 0 | |a Proceso civil: normas comunes a todo procedimiento e incidentes. Actualizado con la reforma de la Ley Nº 20.886 sobre tramitación electrónica de los procedimientos |
| 250 | |a 1a. ed | ||
| 300 | |a 489 p | ||
| 942 | |c BK | ||
| 945 | |d 20180511 10:48:00 |a dcastane | ||
| 260 | |a Santiago |b Legal Publishing |c 2018 | ||
| 650 | 7 | |a REFORMA PROCESAL CIVIL |2 CL-VaPUC |9 548780 | |
| 650 | 0 | |a Derecho procesal civil |9 258071 | |
| 650 | 0 | |a Código de procedimiento civil |9 256305 | |
| 583 | |a last modification |c 20190620 12:26:35 |k Rodrigo Vera | ||
| 490 | 0 | |a Colección Tratados y Manuales | |
| 999 | |c 371123 |d 371121 | ||
| 952 | |0 0 |1 0 |3 erb |4 0 |6 347_830500000000000_COR_2018 |7 0 |8 A |9 488009 |a BIBDER |b BIBDER |i 5469333 |l 20 |m 5 |o 347.8305 COR 2018 |p 5469333 |r 2025-04-30 |s 2025-04-24 |w 2019-11-24 |y BK |z Catalogado en:20180511 |k DER | ||